South Eastern Kenya University

Library Online Public Access Catalogue


Poverty and policy in Kenya : (Record no. 17670)

MARC details
000 -LEADER
fixed length control field 00909cam a2200241 a 4500
001 - CONTROL NUMBER
control field 14947182
003 - CONTROL NUMBER IDENTIFIER
control field OSt
005 - DATE AND TIME OF LATEST TRANSACTION
control field 20190708145357.0
008 - FIXED-LENGTH DATA ELEMENTS--GENERAL INFORMATION
fixed length control field 070731s2007 ke b 100 0 eng
020 ## - INTERNATIONAL STANDARD BOOK NUMBER
International Standard Book Number 9966846689
040 ## - CATALOGING SOURCE
Original cataloging agency SEKU
050 00 - LIBRARY OF CONGRESS CALL NUMBER
Classification number HC 865 .Z9
Item number K3
100 ## - MAIN ENTRY--PERSONAL NAME
Personal name Kabubo-Mariara, Jane.
111 2# - MAIN ENTRY--MEETING NAME
Meeting name or jurisdiction name as entry element National Workshop on Poverty and Policy in Kenya
Date of meeting (2006 :
Location of meeting Nairobi, Kenya)
245 10 - TITLE STATEMENT
Title Poverty and policy in Kenya :
Remainder of title proceedings of the National Workshop held on 9th August 2006, Nairobi, Kenya /
Statement of responsibility, etc. edited by Kabubo-Mariara, Jane.
246 14 - VARYING FORM OF TITLE
Title proper/short title Proceedings of the National Workshop on Poverty and Policy in Kenya
260 ## - PUBLICATION, DISTRIBUTION, ETC. (IMPRINT)
Place of publication, distribution, etc. Nairobi :
Name of publisher, distributor, etc. University of Nairobi Press,
Date of publication, distribution, etc. 2007.
300 ## - PHYSICAL DESCRIPTION
Extent 184 p.
504 ## - BIBLIOGRAPHY, ETC. NOTE
Bibliography, etc Includes bibliographical references
650 #0 - SUBJECT ADDED ENTRY--TOPICAL TERM
Topical term or geographic name as entry element Poverty
General subdivision Government policy
Geographic subdivision Kenya
Form subdivision Congresses.
942 ## - ADDED ENTRY ELEMENTS (KOHA)
Source of classification or shelving scheme Library of Congress Classification
Koha item type General circulation
Holdings
Withdrawn status Lost status Source of classification or shelving scheme Damaged status Not for loan Home library Current library Shelving location Date acquired Total Checkouts Full call number Barcode Date last seen Price effective from Koha item type
    Library of Congress Classification     Kitui Town Campus Library Kitui Town Campus Library General Stacks 08/07/2019   HC 865 .Z9 K3 2017/020064 08/07/2019 08/07/2019 General circulation
    Library of Congress Classification     Kitui Town Campus Library Kitui Town Campus Library General Stacks 14/05/2025   HC 865 .Z9 K3 2024/027558 14/05/2025 14/05/2025 General circulation
    Library of Congress Classification     Main Campus Library Main Campus Library General Stacks 08/07/2019   HC 865 .Z9 K3 2021/025297 08/07/2019 08/07/2019 General circulation
    Library of Congress Classification     SEHSS - Library SEHSS - Library   20/05/2021   [EHS] HC 865 .Z9 K3 2015/009151 20/05/2021 20/05/2021 General circulation
    Library of Congress Classification     Wote Campus Library Wote Campus Library   12/05/2025   HC 865 .Z9 K3 2024/027509 12/05/2025 12/05/2025 General circulation
Kitui, Kenya.
+254736116989
library@seku.ac.ke